PHARMACOLOGY FOR DENTAL STUDENTS (Record no. 4844)

MARC details
000 -LEADER
fixed length control field 00331nam a2200133Ia 4500
008 - FIXED-LENGTH DATA ELEMENTS--GENERAL INFORMATION
fixed length control field 150201s2014 xx 000 0 und d
082 ## - DEWEY DECIMAL CLASSIFICATION NUMBER
Classification number 615.329
Item number P2013S
100 ## - MAIN ENTRY--PERSONAL NAME
Personal name SHANBHAG ,T.V
245 ## - TITLE STATEMENT
Title PHARMACOLOGY FOR DENTAL STUDENTS
250 ## - EDITION STATEMENT
Edition statement 1ST
260 ## - PUBLICATION, DISTRIBUTION, ETC. (IMPRINT)
Name of publisher, distributor, etc. ELSEVIER PUBLICATION
650 ## - SUBJECT ADDED ENTRY--TOPICAL TERM
Topical term or geographic name as entry element PHARMACOLOGY
942 ## - ADDED ENTRY ELEMENTS (KOHA)
Source of classification or shelving scheme Dewey Decimal Classification
Koha item type Books
Koha issues (borrowed), all copies 51
Holdings
Withdrawn status Lost status Source of classification or shelving scheme Damaged status Not for loan Home library Current library Date acquired Serial Enumeration / chronology SGTU Total Checkouts Total Renewals Full call number Barcode Date last seen Date last checked out Bill Date Koha item type
    Dewey Decimal Classification     SGT Dental Library SGT Dental Library   1 SGTU 68 1 615.329 P2013S FD7003 13/09/2025 05/09/2025 09/02/2015 Books
    Dewey Decimal Classification     SGT Dental Library SGT Dental Library   1 SGTU 44   615.329 P2013S FD7004 17/10/2025 02/07/2025 09/02/2015 Books
    Dewey Decimal Classification     SGT Dental Library SGT Dental Library   1 SGTU 68   615.329 P2013S FD7005 09/09/2025 11/08/2025 09/02/2015 Books
    Dewey Decimal Classification     SGT Dental Library SGT Dental Library   1 SGTU 61   615.329 P2013S FD7006 13/09/2025 05/09/2025 09/02/2015 Books
    Dewey Decimal Classification     SGT Dental Library SGT Dental Library   1 SGTU 62 1 615.329 P2013S FD7007 11/09/2025 02/08/2025 09/02/2015 Books